000 01449nam a2200361Ia 4500
001 ebr10554021
003 CaPaEBR
006 m u
007 cr cn|||||||||
008 930122t19921979lau sb 001 0 eng d
010 _z 79017722
020 _z0807105864
020 _z0807117684
020 _z9780807117682
020 _z9780807148129
040 _aCaPaEBR
_cCaPaEBR
035 _a(OCoLC)794490966
050 1 4 _aHT1048
_b.G43 1992eb
100 1 _aGenovese, Eugene D.,
_d1930-2012.
245 1 0 _aFrom rebellion to revolution
_h[electronic resource] :
_bAfro-American slave revolts in the making of the modern world /
_cEugene D. Genovese.
250 _aLouisiana pbk. ed.
260 _aBaton Rouge :
_bLouisiana State University Press,
_c1992, c1979.
300 _axxvi, 173 p.
490 0 _aThe Walter Lynwood Fleming lectures in southern history, Louisiana State University
504 _aIncludes bibliographical references and index.
533 _aElectronic reproduction.
_bPalo Alto, Calif. :
_cebrary,
_d2013.
_nAvailable via World Wide Web.
_nAccess may be limited to ebrary affiliated libraries.
650 0 _aMaroons.
650 0 _aSlavery
_zAmerica.
650 0 _aSlave insurrections
_zUnited States.
655 7 _aElectronic books.
_2local
710 2 _aebrary, Inc.
856 4 0 _uhttp://site.ebrary.com/lib/rucke/Doc?id=10554021
_zAn electronic book accessible through the World Wide Web; click to view
999 _c90904
_d90904